Symboly v jednání

Gespeichert in:
Bibliographische Detailangaben
1. Verfasser: Mucha, Ivan
Format: Buch
Sprache:Tschechisch
Veröffentlicht: Praha Nakladatelství Karolinum 2000
Schlagworte:
Tags: Tag hinzufügen
Keine Tags, Fügen Sie das erste Tag hinzu!

MARC

LEADER 00000nam a2200000 4500
001 c124854
005 20230228085141.5
020 |a 80-246-0012-9 
041 0 |a cze 
044 |a CZ 
245 1 0 |a Symboly v jednání  |c Ivan Mucha 
264 1 |a Praha  |b Nakladatelství Karolinum  |c 2000 
300 |a 193 s. 
610 2 0 |a vyjednávanie 
610 2 0 |a komunikácia 
610 2 0 |a spoločnosť 
610 2 0 |a vývoj spoločenský 
610 2 0 |a civilizácia 
610 2 0 |a normy sociálne 
610 2 0 |a teórie systémové 
610 2 0 |a svet 
610 2 0 |a sociológia 
610 2 0 |a symboly 
610 2 0 |a psychológia 
610 2 0 |a kultúra 
610 2 0 |a modernizácia 
100 1 |a Mucha, Ivan